Stock Market Integration: A Case Study for Serbia and Slovakia

Salvato in:
Dettagli Bibliografici
Autore principale: Chocholatá, Michaela, 1977-
Natura: Capitolo di libro
Lingua:inglese
Soggetti:
Tags: Aggiungi Tag
Nessun Tag, puoi essere il primo ad aggiungerne!!

MARC

LEADER 00000naa a2200000 4500
001 0180964
005 20240502083425.7
041 0 |a eng 
044 |a RS 
245 1 0 |a Stock Market Integration: A Case Study for Serbia and Slovakia  |c Michaela Chocholatá 
610 2 0 |a Srbsko 
610 2 0 |a Slovensko 
610 2 0 |a kríza finančná 
610 2 0 |a štúdie prípadové 
100 1 |a Chocholatá, Michaela, 1977-